| 000 | 00550nam a2200193Ia 4500 | ||
|---|---|---|---|
| 003 | LK-CoDNM | ||
| 008 | 010623t2007 xxu||||| |||| 00| 1 sin d | ||
| 040 |
_aLK-CoDNM _dLK-CoDNM _eLK-CoDNM |
||
| 041 | _asin | ||
| 080 | _ax 82-2 BOG | ||
| 100 | _aBogamuva, Chandrasiri | ||
| 245 | _aසමකාලීන සිංහල වේදිකාව්ය | ||
| 246 | _aSamakaliina sinhala veedikava | ||
| 260 |
_bTharanga prakashakayo _aMudungoda _c2007 |
||
| 300 | _b328, 22 cm | ||
| 650 | _aDrama | ||
| 650 | _aDramatic Criticism | ||
| 942 | _cBK | ||
| 999 |
_c127181 _d127181 |
||